000 00856nam a2200205 i 4500
001 99872
003 ES-MaACL
005 20250829122013.0
007 t|
008 050919s1981 sp ||||1| spa d
100 1 _aMartínez Gil, Fernando.
_978120
245 1 0 _aToledo en las comunidades de Castilla /
_cFernando Martínez Gil.
260 _aToledo :
_bInstituto Provincial de Investigaciones y Estudios Toledanos,
_c1981.
300 _a67 p. :
_bil. ;
_c21 cm.
490 1 _aPublicaciones del Instituto Provincial de Investigaciones y Estudios Toledanos. Temas toledanos ;
_v11
710 2 _aInstituto Provincial de Investigaciones y Estudios Toledanos.
_95217
830 0 0 _aPublicaciones del Instituto Provincial de Investigaciones y Estudios Toledanos
_v11
_9242140
852 _aES-MaACL
_jL-6395
_bR.106554
999 _c99872
_d99872